000 00468nam a22001937a 4500
003 MPLRDC
005 20220104143842.0
008 210129b ||||| |||| 00| 0 eng d
020 _a957-9027-03-X
082 _a855 YQY-17
100 _a余秋雨
245 _a艺术创造工程
_c
250 _a初版
260 _a台湾
_b允晨文化
_c1990
300 _b
490 _a当代名家; 4
650 _a散文;随笔、日记
942 _cBK
_o855 YQY-17
999 _c43974
_d43964